000
00336nam a2200145Ia 4500
008
150201s2007 xx 000 0 und d
082
_a
615
_b
C07C
100
_a
CUPP,MJ
245
_a
CLINICAL & CLINICAL PHARMACOLOGY
250
_a
1ST
260
_b
FREEMAN
_a
TOTORA
_c
2007
300
_a
1-324
650
_a
PHARMACOLOGY
942
_2
ddc
_c
BK
999
_c
385
_d
385